The role of the third surveyor : under the party wall etc. Act 1996

Bibliographic Details
Main Author: Vegoda, Victor H. (Author)
Format: Book
Language:English
Published: New York : Routledge 2005
Edition:First edition
Subjects:

MARC

LEADER 00000cam a2200000 7i4500
001 0000029512
005 20241128.0
008 211221 nyu eng
020 |a 9781138461406 
040 |a INS   |b eng   |e rda 
090 0 0 |a KUC69.2   |b V44 2005 
100 1 |a Vegoda, Victor H. ,   |e author 
245 1 4 |a The role of the third surveyor :   |b under the party wall etc. Act 1996   |c Victor H. Vegoda 
250 |a First edition 
264 1 |a New York :   |b Routledge   |c 2005 
264 4 |c ©2005 
300 |a xv, 107 pages ;   |c 23 cm. 
336 |a text  |2 rdacontent 
337 |a unmediated  |2 rdamedia 
338 |a volume  |2 rdacarrier 
500 |a Includes index 
610 1 0 |a Great Britain.   |t Party Wall etc. Act 1996 
650 0 |a Party walls   |z England 
650 0 |a Party walls   |z Wales 
650 0 |a Surveying   |x Law and legislation   |z England 
650 0 |a Surveying   |x Law and legislation   |z Wales 
999 |a 1000004324   |b BOOK   |c Open Shelf   |e Default branch